Opere. (Record no. 183400)

MARC details
000 -LEADER
campo de control de longitud fija 00760nam a2200205 i 4500
001 - NÚMERO DE CONTROL
campo de control 183400
003 - IDENTIFICADOR DE NÚMERO DE CONTROL
campo de control ES-MaACL
005 - FECHA Y HORA DE LA ÚLTIMA TRANSACCIÓN
campo de control 20251213063021.0
008 - DATOS DE LONGITUD FIJA--INFORMACIÓN GENERAL
campo de control de longitud fija 140415s1912 it | |||| ||ita d
100 1# - ENTRADA PRINCIPAL--NOMBRE DE PERSONA
Nombre de persona Caro, Annibal,
Fechas asociadas al nombre 1507-1566
9 (RLIN) 154715
245 10 - MENCIÓN DEL TÍTULO
Título Opere.
Número de parte o sección de la obra I /
Mención de responsabilidad, etc. Annibal Caro ; a cura di Vittorio Turri.
260 ## - PUBLICACIÓN, DISTRIBUCIÓN, ETC.
Lugar de publicación, distribución, etc. Bari :
Nombre del editor, distribuidor, etc. Gius. Laterza & Figli,
Fecha de publicación, distribución, etc. 1912.
300 ## - DESCRIPCIÓN FÍSICA
Extensión 358 p. ;
Dimensiones 21 cm.
490 1# - MENCIÓN DE SERIE
Mención de serie Scrittori d'Italia ;
Designación de volumen o secuencia 41
505 8# - NOTA DE CONTENIDO CON FORMATO
Nota de contenido con formato Contiene: Apologia de gli academici di Banchi di Roma, contra Messer Lodouico Castelvetro -- Gli straccioni -- Gli amori pastorali di Dafni e di Cloe
700 1# - ENTRADA AGREGADA--NOMBRE PERSONAL
Nombre de persona Turri, Vittorio.
9 (RLIN) 154716
830 00 - PUNTO DE ACCESO ADICIONAL DE SERIE-TÍTULO UNIFORME
Título uniforme Scrittori d'Italia
Designación de volumen o secuencia 41
9 (RLIN) 191925
852 ## - LOCALIZACIÓN
Ubicación ES-MaACL
Número de control de estantería G-3742
Holdings
Estatus retirado Estado de pérdida Estado de daño No para préstamo Biblioteca de origen Biblioteca actual Ubicación en estantería Fecha de adquisición Fuente de adquisición Total de préstamos Signatura topográfica completa Código de barras Visto por última vez Precio de reemplazo Tipo de ítem Koha
        Biblioteca del Ateneo de Madrid Biblioteca del Ateneo de Madrid Depósito 2 15/04/2014     G-3742 1192769 23/02/2023 23/02/2023 Libro impreso